000 00771nam a2200181Ia 4500
008 100920s9999 xx 000 0 und d
082 _b1979
_a891.43 थ 53
100 _aसिंह हरदयालु.
245 _aसंस्कृत साहित्य सौरभ उत्तररामचरित.
260 _bसत्ससाहित्य प्रकाशन, दिल्ली.
_c1953
300 _a30
_bसाधी
365 _b0.36
520 _aहिंदी.
630 _aसंस्कृत साहित्य सौरभ उत्तररामचरित.
650 _aहिंदी.
730 _aसंस्कृत साहित्य सौरभ उत्तररामचरित.
942 _cBOOK
999 _c672798
_d672795